000 00996nam a2200253Ia 4500
003 OSt
005 20221005105620.0
006 a|||||r|||| 00| 0
007 ta
008 221004b |||||||| |||| 00| 0 san d
020 _a9788193757505 (hbk)
_cINR 525.00
024 _a45006
037 _b374, 04/02/2019, Vidyanidhi Prakashan
_cTextual
040 _aCRL
_cCRL
_bsan
041 _2san
_asan
082 _aD53.2, 152Q8
100 _aसेनगुप्ता, अनिता, ले.
245 0 _aआर्य्यावर्त्त का प्राच्य वैमानिक विज्ञान
246 _aĀryyāvartta kā prāchya vaimānik vijnyāna
260 _aनई दिल्ली
_bरीवा प्रकाशन भारत
_c2018
300 _a109पृ0
_ccm.
942 _hD53.2, 152Q8
_cTEXL
_2cc
999 _c1016360
_d1016360